<?xml version="1.0" encoding="UTF-8"?>
<collection xmlns="http://www.loc.gov/MARC21/slim">
 <record>
  <leader>00914nam a22002411  4500</leader>
  <controlfield tag="001">1/21627</controlfield>
  <controlfield tag="008">031209s1998    enk      d    0 01  eng d</controlfield>
  <datafield tag="020" ind1=" " ind2=" ">
   <subfield code="a">0140513973</subfield>
  </datafield>
  <datafield tag="035" ind1=" " ind2=" ">
   <subfield code="l">22301</subfield>
  </datafield>
  <datafield tag="040" ind1=" " ind2=" ">
   <subfield code="a">GR-PeUP</subfield>
  </datafield>
  <datafield tag="082" ind1="0" ind2="0">
   <subfield code="a">327.03 EVA</subfield>
  </datafield>
  <datafield tag="090" ind1=" " ind2=" ">
   <subfield code="a">R 327.03 EVA</subfield>
  </datafield>
  <datafield tag="100" ind1="1" ind2=" ">
   <subfield code="a">Evans, Graham.</subfield>
  </datafield>
  <datafield tag="245" ind1="1" ind2="4">
   <subfield code="a">The Penguin dictionary of international relations /</subfield>
   <subfield code="c">Graham Evans and Jeffrey Newnham</subfield>
  </datafield>
  <datafield tag="260" ind1=" " ind2=" ">
   <subfield code="a">London :</subfield>
   <subfield code="b">Penguin,</subfield>
   <subfield code="c">1998</subfield>
  </datafield>
  <datafield tag="300" ind1=" " ind2=" ">
   <subfield code="a">viii, 623 p. ;</subfield>
   <subfield code="c">20 cm.</subfield>
  </datafield>
  <datafield tag="504" ind1=" " ind2=" ">
   <subfield code="a">Includes bibliographical references</subfield>
  </datafield>
  <datafield tag="650" ind1=" " ind2="4">
   <subfield code="a">International relations</subfield>
   <subfield code="x">Dictionaries.</subfield>
  </datafield>
  <datafield tag="700" ind1="1" ind2=" ">
   <subfield code="a">Newnham, Jeffrey.</subfield>
  </datafield>
  <datafield tag="852" ind1=" " ind2=" ">
   <subfield code="a">INST</subfield>
   <subfield code="b">UNIPILB</subfield>
   <subfield code="c">REF</subfield>
   <subfield code="e">20040709</subfield>
   <subfield code="h">327.03 EVA</subfield>
   <subfield code="p">00142619</subfield>
   <subfield code="q">00142619</subfield>
   <subfield code="t">NOLOAN</subfield>
   <subfield code="y">23</subfield>
   <subfield code="4">3</subfield>
  </datafield>
  <datafield tag="852" ind1=" " ind2=" ">
   <subfield code="a">INST</subfield>
   <subfield code="b">UNIPILB</subfield>
   <subfield code="c">REF</subfield>
   <subfield code="e">20040709</subfield>
   <subfield code="h">327.03 EVA</subfield>
   <subfield code="p">00142620</subfield>
   <subfield code="q">00142620</subfield>
   <subfield code="t">NOLOAN</subfield>
   <subfield code="y">23</subfield>
   <subfield code="4">2</subfield>
  </datafield>
  <datafield tag="852" ind1=" " ind2=" ">
   <subfield code="a">INST</subfield>
   <subfield code="b">UNIPILB</subfield>
   <subfield code="c">REF</subfield>
   <subfield code="e">20040709</subfield>
   <subfield code="h">327.03 EVA</subfield>
   <subfield code="p">00142621</subfield>
   <subfield code="q">00142621</subfield>
   <subfield code="t">NOLOAN</subfield>
   <subfield code="y">23</subfield>
   <subfield code="4">1</subfield>
  </datafield>
  <datafield tag="856" ind1="4" ind2=" ">
   <subfield code="d">/webopac/covers/01/22301_0140513973.jpg</subfield>
  </datafield>
 </record>
</collection>
